00762 2200289 4500001002100000005001700021008004100038035002400079082001100103090001800114100002200132245007200154260002900226300001900255500002700274650003400301850001500335980001300350985000600363986001300369999001500382999001500397999001500412990001500427990001500442990001500457YOGYA-0209000001589720090227022558.0 ind  0010-020900000015897 a347.05 a347.05bPoh T aPOHAN, Marthalena aTanggung gugat advocaat, dokter dan notariscoleh Marthalena, Pohan aJakartabBina Ilmuc1985 a136 hlmc21 cm aBibliografi : hlm. 136 aGugatan (Hukum acara perdata) aYOPDYOG(B) a26-09-05 a3 aPKLrtrev a96P0086920 a96P0086921 a96P0086922 a86921-P/96 a86920-P/96 a86922-P/96